000 01157nam0a22002891 4500
001 rc\4765267
005 20250613075738.0
021 _aRU
_b[65-49649]
035 _a(NLR Aleph) 009019686
090 _a9420243
_c9420243
100 _a20130417d1965 |||y0rusy50 ca
101 0 _arus
102 _aRU
105 _ay z |||||
200 1 _aНовое в техническом обслуживании тракторов
_fДонецкое обл. науч.-техн. о-во работников сел. хозяйства
210 _aДонецк
_cДонбасс
_d1965
215 _a54 с.
_d20
300 _aПеред загл. авт.: Н.Н. Мирошниченко, И.Ф. Овчинников, Н.И. Чепурин
606 _aТракторы
_xУход и обслуживание
_2psbo
700 1 _aМирошниченко
_bН.Н.
_gНиколай Николаевич
701 1 _aОвчинников
_bИ.Ф.
_gИван Федорович
701 1 _aЧепурин
_bН.И.
_gНиколай Иванович
801 0 _aRU
_bNLR
_gpsbo
801 1 _aRU
_bELAR
_2rusmarc
852 _aNLR
_j65-4/10523
942 _cBOOK
980 _aNB